|
|
|
|
| LEADER |
00000nam0a2200000 4500 |
| 001 |
71348 |
| 005 |
20231031082533.0 |
| 035 |
|
|
|a (RuTPU)RU\TPU\book\75955
|
| 090 |
|
|
|a 71348
|
| 100 |
|
|
|a 20041214d1975 km y0rusy50 ca
|
| 101 |
0 |
|
|a rus
|
| 102 |
|
|
|a RU
|
| 105 |
|
|
|a a z 001zy
|
| 200 |
1 |
|
|a Вакуумные системы электрофизических установок
|f А. А. Глазков, И. Ф. Малышев, Г. Л. Саксаганский
|
| 210 |
|
|
|a Москва
|c Атомиздат
|d 1975
|
| 215 |
|
|
|a 192 с.
|c ил.
|
| 320 |
|
|
|a Библиогр.: с. 182-191.
|
| 610 |
1 |
|
|a вакуумные системы
|
| 610 |
1 |
|
|a электрофизические установки
|
| 610 |
1 |
|
|a вакуум
|
| 610 |
1 |
|
|a проектирование
|
| 610 |
1 |
|
|a расчеты
|
| 610 |
1 |
|
|a изготовление
|
| 675 |
|
|
|a 621.52
|v 3
|
| 700 |
|
1 |
|a Глазков
|b А. А.
|g Анатолий Александрович
|
| 701 |
|
1 |
|a Малышев
|b И. Ф.
|g Иван Федорович
|
| 701 |
|
1 |
|a Саксаганский
|b Г. Л.
|g Георгий Леонидович
|
| 801 |
|
1 |
|a RU
|b 63413507
|c 20041214
|g PSBO
|
| 801 |
|
2 |
|a RU
|b 63413507
|c 20150629
|g PSBO
|
| 900 |
|
|
|a Электрофизические установки и ускорители
|
| 942 |
|
|
|c BK
|